Christian impact on the status of women in north east india (Record no. 4128)
[ view plain ]
| 000 -LEADER | |
|---|---|
| fixed length control field | 00586cam a2200193ua 4500 |
| 001 - CONTROL NUMBER | |
| control field | 4313 |
| 005 - DATE AND TIME OF LATEST TRANSACTION | |
| control field | 20260515113820.0 |
| 008 - FIXED-LENGTH DATA ELEMENTS--GENERAL INFORMATION | |
| fixed length control field | 111223n ii |||gr||||Z||||||eng |
| 040 ## - CATALOGING SOURCE | |
| Transcribing agency | MAIN |
| 082 ## - DEWEY DECIMAL CLASSIFICATION NUMBER | |
| Classification number | 305.4 |
| 100 1# - MAIN ENTRY--PERSONAL NAME | |
| Personal name | Downs, Frederick S., |
| 245 11 - TITLE STATEMENT | |
| Title | Christian impact on the status of women in north east india |
| Statement of responsibility, etc. | by Frederick S. Downs |
| 250 ## - EDITION STATEMENT | |
| Edition statement | 1st. |
| 260 ## - PUBLICATION, DISTRIBUTION, ETC. | |
| Place of publication, distribution, etc. | Shillong: |
| Name of publisher, distributor, etc. | North eastern hill university publications,996. |
| 300 ## - PHYSICAL DESCRIPTION | |
| Extent | 97p: |
| Dimensions | 23cm. |
| 653 ## - INDEX TERM--UNCONTROLLED | |
| Uncontrolled term | Social group of women |
| 653 ## - INDEX TERM--UNCONTROLLED | |
| Uncontrolled term | Christian impact on the status of women in north east india |
| 942 ## - ADDED ENTRY ELEMENTS (KOHA) | |
| Koha item type | Books |
| Withdrawn status | Lost status | Damaged status | Not for loan | Home library | Current library | Shelving location | Date acquired | Total checkouts | Full call number | Barcode | Date last seen | Copy number | Price effective from | Koha item type |
|---|---|---|---|---|---|---|---|---|---|---|---|---|---|---|
| Naharkatiya College Library | Naharkatiya College Library | General stacks | 09/19/2020 | 305.4 | DOW | 17668 | 09/19/2020 | 1 | 09/19/2020 | Books |